[Event "EU-chT U18"]
[Site "Terme Catez"]
[Date "2025.07.09"]
[Round "5.2"]
[White "Sowinski, Pawel"]
[Black "Dyachuk, Artem"]
[Result "1-0"]
[WhiteElo "2458"]
[BlackElo "2305"]
[PlyCount "77"]
[EventDate "2025.07.05"]
[EventType "team-swiss"]
[EventRounds "7"]
[EventCountry "SLO"]
[SourceTitle "CB29_2025"]
[SourceDate "2025.07.16"]
[SourceVersion "1"]
[SourceVersionDate "2025.07.16"]
[SourceQuality "1"]
[WhiteTeam "Poland"]
[BlackTeam "Ukraine"]
[WhiteTeamCountry "POL"]
[BlackTeamCountry "UKR"]

1. d4 Nf6 2. c4 e6 3. Nc3 Bb4 4. e3 0-0 5. Bd2 d5 6. Nf3 b6 7. cxd5 exd5 8. Rc1 Re8 9. Bd3 a6 10. Ne5 Bd6 11. f4 c5 12. 0-0 Bb7 13. Be1 cxd4 14. exd4 Ne4 15. Nxe4 Bxe5 16. fxe5 dxe4 17. Bc4 Bd5 18. Bh4 Qd7 19. Bxd5 Qxd5 20. Rc7 Nd7 21. Qb3 Qxd4+ 22. Bf2 e3 23. Bxe3 Qxe5 24. Rxd7 Qxe3+ 25. Qxe3 Rxe3 26. Rfxf7 Rae8 27. Rxg7+ Kh8 28. Rxh7+ Kg8 29. Rdg7+ Kf8 30. Rf7+ Kg8 31. Rhg7+ Kh8 32. Rg6 b5 33. Rxa6 Re2 34. b4 Rb2 35. a3 Re1+ 36. Rf1 Ree2 37. Rg6 Ra2 38. Rg3 Kh7 39. h3 1-0

[Event "EU-chT U18"]
[Site "Terme Catez"]
[Date "2025.07.08"]
[Round "4.2"]
[White "Borrmann, Laurenz"]
[Black "Sowinski, Pawel"]
[Result "0-1"]
[WhiteElo "2413"]
[BlackElo "2458"]
[PlyCount "68"]
[EventDate "2025.07.05"]
[EventType "team-swiss"]
[EventRounds "7"]
[EventCountry "SLO"]
[SourceTitle "CB29_2025"]
[SourceDate "2025.07.16"]
[SourceVersion "1"]
[SourceVersionDate "2025.07.16"]
[SourceQuality "1"]
[WhiteTeam "Austria"]
[BlackTeam "Poland"]
[WhiteTeamCountry "AUT"]
[BlackTeamCountry "POL"]

1. d4 d5 2. c4 c6 3. Nf3 Nf6 4. Nc3 e6 5. e3 Nbd7 6. Be2 dxc4 7. a4 Bd6 8. Nd2 0-0 9. Nxc4 Bc7 10. f4 Nb6 11. 0-0 Nxc4 12. Bxc4 c5 13. dxc5 Ba5 14. Na2 Qe7 15. b4 Bc7 16. Bb2 a5 17. b5 Qxc5 18. Bxf6 gxf6 19. Rc1 Qe7 20. e4 Kh8 21. Kh1 b6 22. Qh5 Rg8 23. Qh4 Bb7 24. Bd3 Bd6 25. Nc3 Rg7 26. Ne2 Rag8 27. Rc6 Bxc6 28. bxc6 Rg4 29. Qh5 Bc7 30. Ng3 Rxf4 31. Rxf4 Bxf4 32. e5 f5 33. Nxf5 exf5 34. Qxf5 Qh4 0-1

[Event "EU-chT U18"]
[Site "Terme Catez"]
[Date "2025.07.07"]
[Round "3.2"]
[White "Palczert, Matyas"]
[Black "Sowinski, Pawel"]
[Result "1/2-1/2"]
[WhiteElo "2396"]
[BlackElo "2458"]
[PlyCount "136"]
[EventDate "2025.07.05"]
[EventType "team-swiss"]
[EventRounds "7"]
[EventCountry "SLO"]
[SourceTitle "CB29_2025"]
[SourceDate "2025.07.16"]
[SourceVersion "1"]
[SourceVersionDate "2025.07.16"]
[SourceQuality "1"]
[WhiteTeam "Hungary"]
[BlackTeam "Poland"]
[WhiteTeamCountry "HUN"]
[BlackTeamCountry "POL"]

1. e4 c6 2. Nf3 d5 3. Nc3 dxe4 4. Nxe4 Nf6 5. Qe2 Na6 6. Nxf6+ gxf6 7. a3 h5 8. g3 Nc7 9. Bg2 Bg4 10. h3 Bxf3 11. Qxf3 h4 12. d3 Ne6 13. Be3 Bh6 14. Bxh6 Rxh6 15. 0-0-0 Qa5 16. d4 Rd8 17. d5 cxd5 18. Rxd5 Rxd5 19. Qxd5 Qxd5 20. Bxd5 b6 21. Kd2 Nc7 22. Be4 e6 23. Ke3 Ke7 24. Bc6 Kd6 25. Bf3 Ke7 26. Bc6 Kd6 27. Bg2 Ne8 28. g4 Rg6 29. Be4 Rg5 30. b4 Ke7 31. c4 Nd6 32. Bd3 Rg8 33. Rc1 Rc8 34. c5 bxc5 35. Rxc5 Rxc5 36. bxc5 Ne8 37. f4 Nc7 38. Bc4 Kd7 39. Kd4 Kc6 40. a4 a5 41. g5 e5+ 42. Ke4 exf4 43. gxf6 Kxc5 44. Bxf7 Kd6 45. Bc4 Ne6 46. Kf5 Nc5 47. Kxf4 Nxa4 48. Kg5 Nb6 49. Ba2 Nd7 50. Kg6 Nxf6 51. Kxf6 a4 52. Be6 a3 53. Ba2 Kd7 54. Bb1 Kd6 55. Ba2 Kd7 56. Bb3 Kd6 57. Be6 Kc7 58. Ke7 Kc6 59. Ba2 Kc7 60. Bd5 Kc8 61. Bg8 Kc7 62. Be6 Kc6 63. Kf7 Kc7 64. Kg6 Kd6 65. Kf6 Kc7 66. Ba2 Kd6 67. Bb3 Kd7 68. Be6+ Kd6 1/2-1/2

[Event "POL-chT Ekstraliga"]
[Site "Chotowa"]
[Date "2025.06.09"]
[Round "8.5"]
[White "Sowinski, Pawel"]
[Black "Sliwerski, Radoslaw"]
[Result "1-0"]
[WhiteElo "2451"]
[BlackElo "2063"]
[PlyCount "109"]
[EventDate "2025.06.02"]
[EventType "team-tourn"]
[EventRounds "9"]
[EventCountry "POL"]
[SourceTitle "CB24_2025"]
[SourceDate "2025.06.11"]
[SourceVersion "1"]
[SourceVersionDate "2025.06.11"]
[SourceQuality "1"]
[WhiteTeam "Wroclaw Polonia"]
[BlackTeam "Miedzyborow Wrzos"]
[WhiteTeamCountry "POL"]
[BlackTeamCountry "POL"]

1. Nf3 d5 2. g3 Nf6 3. Bg2 e6 4. c4 dxc4 5. Qa4+ c6 6. Qxc4 b5 7. Qb3 Bb7 8. 0-0 Nbd7 9. d4 a6 10. Ne5 Nxe5 11. dxe5 Nd5 12. Nc3 Nxc3 13. Qxc3 Qc7 14. Be3 b4 15. Qc4 c5 16. Bxb7 Qxb7 17. Rfc1 Qb6 18. Bxc5 Bxc5 19. Qxc5 Qxc5 20. Rxc5 0-0 21. Rac1 h5 22. f4 Rfd8 23. Kf2 Rd2 24. R1c2 Rad8 25. b3 g6 26. Rxd2 Rxd2 27. Ra5 Rb2 28. Rxa6 Kg7 29. h4 Rc2 30. Ra8 Rc3 31. Rb8 Rc2 32. Rxb4 Rxa2 33. Rb8 Rc2 34. Rd8 Rb2 35. Rd3 Kf8 36. Ke3 Ke7 37. Kd4 Rxe2 38. Kc4 Rc2+ 39. Rc3 Rb2 40. b4 Kd7 41. Kb5 Rb1 42. Ka5 Kd8 43. b5 Ra1+ 44. Kb6 Rb1 45. Ka6 Ra1+ 46. Kb7 Rb1 47. b6 Rb2 48. Ka7 Ra2+ 49. Kb8 Rb2 50. b7 Ra2 51. Rc8+ Kd7 52. Rc7+ Kd8 53. Rxf7 Ra3 54. Rf6 Rxg3 55. Rxe6 1-0

[Event "POL-chT Ekstraliga"]
[Site "Chotowa"]
[Date "2025.06.07"]
[Round "6.5"]
[White "Poltorak, Sebastian"]
[Black "Sowinski, Pawel"]
[Result "1-0"]
[WhiteElo "2410"]
[BlackElo "2451"]
[PlyCount "91"]
[EventDate "2025.06.02"]
[EventType "team-tourn"]
[EventRounds "9"]
[EventCountry "POL"]
[SourceTitle "CB24_2025"]
[SourceDate "2025.06.11"]
[SourceVersion "1"]
[SourceVersionDate "2025.06.11"]
[SourceQuality "1"]
[WhiteTeam "Dabrowa Gornicza Zaglebie"]
[BlackTeam "Wroclaw Polonia"]
[WhiteTeamCountry "POL"]
[BlackTeamCountry "POL"]

1. d4 Nf6 2. c4 e6 3. Nc3 d5 4. cxd5 exd5 5. Bg5 Bb4 6. e3 h6 7. Bxf6 Qxf6 8. Qb3 Qd6 9. a3 Bxc3+ 10. Qxc3 Bf5 11. Qb4 Qb6 12. Ne2 Nd7 13. Nf4 c6 14. Be2 Qxb4+ 15. axb4 Nf6 16. b5 cxb5 17. Bxb5+ Ke7 18. Ke2 a6 19. Bd3 Bd7 20. Kd2 Kd6 21. f3 Bc6 22. Rhe1 Rae8 23. Ne2 Nd7 24. Ng3 g6 25. e4 dxe4 26. fxe4 f6 27. Rac1 Rhg8 28. h4 h5 29. Re2 Re7 30. b3 b5 31. e5+ fxe5 32. Bxg6 Bd5 33. Nf5+ Ke6 34. Nxe7 Kxe7 35. Bf5 Bxb3 36. Rc7 Be6 37. Bxe6 Kxe6 38. dxe5 Nxe5 39. Rh7 Kd6 40. Rxh5 Nc4+ 41. Kc2 Rg4 42. Rh8 b4 43. h5 Rg3 44. h6 b3+ 45. Kb1 Rd3 46. Rd8+ 1-0

[Event "POL-chT Ekstraliga"]
[Site "Chotowa"]
[Date "2025.06.03"]
[Round "2.5"]
[White "Kantans, Toms"]
[Black "Sowinski, Pawel"]
[Result "0-1"]
[WhiteElo "2528"]
[BlackElo "2451"]
[PlyCount "128"]
[EventDate "2025.06.02"]
[EventType "team-tourn"]
[EventRounds "9"]
[EventCountry "POL"]
[SourceTitle "CB24_2025"]
[SourceDate "2025.06.11"]
[SourceVersion "1"]
[SourceVersionDate "2025.06.11"]
[SourceQuality "1"]
[WhiteTeam "Gliwice Akademia Szachowa"]
[BlackTeam "Wroclaw Polonia"]
[WhiteTeamCountry "POL"]
[BlackTeamCountry "POL"]

1. e4 e5 2. Nf3 Nc6 3. Bb5 a6 4. Ba4 Nf6 5. 0-0 Be7 6. Re1 b5 7. Bb3 0-0 8. d4 Nxd4 9. Nxd4 exd4 10. e5 Ne8 11. Qxd4 c5 12. Qe4 Rb8 13. c4 Bb7 14. Qg4 d6 15. Bf4 dxe5 16. Bxe5 Bd6 17. Nc3 Nf6 18. Qg3 Bxe5 19. Rxe5 Qb6 20. cxb5 axb5 21. Rg5 Kh8 22. Bxf7 b4 23. Nd5 Bxd5 24. Bxd5 c4 25. Rf1 Rbc8 26. Bf3 Rf7 27. Re5 c3 28. Re2 Rfc7 29. bxc3 bxc3 30. Rc2 Qc5 31. h3 Qf5 32. Rfc1 h6 33. Qd6 Rc5 34. a4 Rc4 35. Qa6 R4c5 36. Qb7 Rc4 37. Qa6 R4c5 38. Qb6 Qe5 39. Be2 Nd5 40. Qb3 Nf4 41. Bg4 Rb8 42. Qa3 h5 43. Bf3 Rbc8 44. h4 Ne6 45. Re2 Qf6 46. Bb7 R8c7 47. a5 Nd4 48. Re8+ Kh7 49. a6 Rf7 50. Rf1 Re7 51. Be4+ g6 52. Rxe7+ Qxe7 53. f3 c2 54. a7 Qxh4 55. Qa6 Nxf3+ 56. Bxf3 c1Q 57. Qd3 Qcf4 58. Rd1 Qfh2+ 59. Kf1 Qh1+ 60. Ke2 Re5+ 61. Kd2 Qb4+ 62. Qc3 Qxd1+ 63. Bxd1 Rd5+ 64. Kc2 Rc5 0-1

[Event "POL-chT Ekstraliga"]
[Site "Chotowa"]
[Date "2025.06.02"]
[Round "1.5"]
[White "Sowinski, Pawel"]
[Black "Koziorowicz, Michal"]
[Result "1-0"]
[WhiteElo "2451"]
[BlackElo "2294"]
[PlyCount "81"]
[EventDate "2025.06.02"]
[EventType "team-tourn"]
[EventRounds "9"]
[EventCountry "POL"]
[SourceTitle "CB24_2025"]
[SourceDate "2025.06.11"]
[SourceVersion "1"]
[SourceVersionDate "2025.06.11"]
[SourceQuality "1"]
[WhiteTeam "Wroclaw Polonia"]
[BlackTeam "Gorzow Wielkopolski Stilon"]
[WhiteTeamCountry "POL"]
[BlackTeamCountry "POL"]

1. d4 e6 2. c4 Nf6 3. Nc3 Bb4 4. e3 0-0 5. Bd2 b6 6. Nf3 Bb7 7. Bd3 d5 8. cxd5 exd5 9. Rc1 a6 10. 0-0 Bd6 11. Ne5 c5 12. f4 Nc6 13. Ng4 Be7 14. Nxf6+ Bxf6 15. dxc5 bxc5 16. b3 d4 17. Ne4 dxe3 18. Bxe3 Bd4 19. Bxd4 Qxd4+ 20. Kh1 Rad8 21. Nxc5 Ba8 22. Be4 Qf6 23. Qh5 g6 24. Qh6 Nd4 25. Bxa8 Nf5 26. Qh3 Rxa8 27. Nd7 Qb2 28. Nxf8 Rxf8 29. a4 Re8 30. Qc3 Re2 31. Qxb2 Rxb2 32. Rb1 Ra2 33. Ra1 Rb2 34. Rfb1 Rf2 35. b4 Nh4 36. b5 axb5 37. axb5 Rxg2 38. b6 Rf2 39. b7 Nf3 40. b8Q+ Kg7 41. Rb2 1-0

[Event "Przeworsk"]
[Site "Przeworsk"]
[Date "2025.05.26"]
[Round "7"]
[White "Vantika, Agrawal"]
[Black "Sowinski, Pawel"]
[Result "1/2-1/2"]
[WhiteElo "2377"]
[BlackElo "2435"]
[PlyCount "82"]
[EventDate "2025.05.22"]
[EventType "tourn"]
[EventRounds "9"]
[EventCountry "POL"]
[EventCategory "8"]
[SourceTitle "CB22_2025"]
[SourceDate "2025.05.28"]
[SourceVersion "1"]
[SourceVersionDate "2025.05.28"]
[SourceQuality "1"]

1. d4 Nf6 2. c4 e6 3. Nf3 d5 4. Nc3 dxc4 5. e4 b5 6. e5 Nd5 7. Nxb5 Nb6 8. Be2 Be7 9. 0-0 Nc6 10. Qd2 0-0 11. Rd1 a5 12. Qf4 Kh8 13. Qg3 a4 14. a3 Na5 15. Nc3 Bb7 16. Be3 Nd5 17. Rac1 Nxc3 18. Rxc3 Bd5 19. Nd2 Qb8 20. Nxc4 Nxc4 21. Bxc4 Qxb2 22. Bc1 Qb6 23. Bxd5 exd5 24. Bg5 Rae8 25. Bxe7 Rxe7 26. Rc5 c6 27. Qc3 Re6 28. f4 g6 29. Qc2 Qa6 30. Rb1 f6 31. h3 fxe5 32. fxe5 g5 33. Qd2 g4 34. hxg4 Rg6 35. g5 Rfg8 36. Ra5 Qc8 37. Ra7 Rxg5 38. Rbb7 Rxg2+ 39. Qxg2 Rxg2+ 40. Kxg2 Qg4+ 41. Kh2 Qh4+ 1/2-1/2

[Event "Przeworsk"]
[Site "Przeworsk"]
[Date "2025.05.23"]
[Round "3"]
[White "Lewtak, Damian"]
[Black "Sowinski, Pawel"]
[Result "0-1"]
[WhiteElo "2352"]
[BlackElo "2435"]
[PlyCount "142"]
[EventDate "2025.05.22"]
[EventType "tourn"]
[EventRounds "9"]
[EventCountry "POL"]
[EventCategory "8"]
[SourceTitle "CB22_2025"]
[SourceDate "2025.05.28"]
[SourceVersion "1"]
[SourceVersionDate "2025.05.28"]
[SourceQuality "1"]

1. e4 c6 2. d4 d5 3. e5 Bf5 4. Nd2 e6 5. Nb3 Nd7 6. Be3 Ne7 7. Be2 Qc7 8. f4 Be4 9. Nf3 Nf5 10. Bf2 c5 11. 0-0 Bxf3 12. Bxf3 c4 13. Nc1 g6 14. Ne2 h5 15. Qd2 Be7 16. Nc3 Qc6 17. Nd1 b5 18. Ne3 c3 19. bxc3 Nxe3 20. Qxe3 Nb6 21. Be2 a6 22. Be1 Rc8 23. g3 Kd7 24. h3 Nc4 25. Bxc4 Qxc4 26. Bd2 Rc6 27. Rfb1 Rhc8 28. Rb3 Qa4 29. Qd3 Rc4 30. g4 hxg4 31. hxg4 Rh8 32. Kg2 Rh4 33. Qf3 Rc8 34. Be1 Rh7 35. a3 Qc4 36. g5 Qa4 37. Qd3 Rc4 38. Bd2 Rh8 39. Rbb1 Rc7 40. Rh1 Rxh1 41. Kxh1 Rc4 42. Kg1 b4 43. cxb4 Qxc2 44. Qxc2 Rxc2 45. Be1 Bd8 46. Kf1 Bb6 47. Rd1 Ra2 48. Rd3 Kc6 49. Rc3+ Kb5 50. Rc8 Rxa3 51. Ke2 Bxd4 52. Rc7 Re3+ 53. Kd1 Rd3+ 54. Ke2 Re3+ 55. Kd1 Rf3 56. Bd2 Rh3 57. Rxf7 Kc4 58. Kc2 Bb6 59. Rb7 Bg1 60. Rc7+ Kd4 61. f5 gxf5 62. g6 Rg3 63. g7 Rg2 64. Kb3 Be3 65. Bxe3+ Kxe3 66. Re7 f4 67. Rxe6 Rxg7 68. Rxa6 f3 69. Rf6 d4 70. e6 d3 71. Rf7 d2 0-1

[Event "San Vicente op 9th"]
[Site "San Vicente"]
[Date "2025.04.17"]
[Round "2"]
[White "Grot, Blazej"]
[Black "Sowinski, Pawel"]
[Result "0-1"]
[WhiteElo "2206"]
[BlackElo "2428"]
[PlyCount "90"]
[EventDate "2025.04.16"]
[EventType "swiss"]
[EventRounds "9"]
[EventCountry "ESP"]
[SourceTitle "CB17_2025"]
[SourceDate "2025.04.23"]
[SourceVersion "1"]
[SourceVersionDate "2025.04.23"]
[SourceQuality "1"]

1. e4 e5 2. Nf3 Nc6 3. Bb5 a6 4. Ba4 d6 5. d4 Bd7 6. 0-0 Nf6 7. Nc3 b5 8. dxe5 dxe5 9. Bb3 Bd6 10. a3 h6 11. h3 0-0 12. Re1 Rb8 13. Qd3 Kh7 14. Ba2 Ne7 15. Be3 Ng6 16. Rad1 Qe7 17. b4 Rbd8 18. Nd5 Nxd5 19. Bxd5 Qf6 20. Qe2 Ne7 21. Bb3 Bc6 22. Bc1 a5 23. bxa5 Ra8 24. Qd2 Rfb8 25. Bb2 Ng6 26. Bd5 Bxd5 27. exd5 Qf5 28. Qd3 Qxd3 29. Rxd3 f6 30. g3 Rxa5 31. Rb3 Ne7 32. Rd1 Ra4 33. Rc1 Rb6 34. Rd1 h5 35. Kg2 Kg6 36. Ng1 Rc4 37. Rd2 b4 38. Ne2 bxa3 39. Bxa3 Rxc2 40. Rxc2 Rxb3 41. Bxd6 cxd6 42. Nc3 f5 43. g4 hxg4 44. hxg4 Rb4 45. f3 Rc4 0-1

[Event "EU-ch 25th"]
[Site "Eforie Nord"]
[Date "2025.03.26"]
[Round "11"]
[White "Hakobyan, Aram"]
[Black "Sowinski, Pawel"]
[Result "1/2-1/2"]
[WhiteElo "2635"]
[BlackElo "2420"]
[PlyCount "103"]
[EventDate "2025.03.15"]
[EventType "swiss"]
[EventRounds "11"]
[EventCountry "ROU"]
[SourceTitle "CB13_2025"]
[SourceDate "2025.03.26"]
[SourceVersion "1"]
[SourceVersionDate "2025.03.26"]
[SourceQuality "1"]

1. e4 e5 2. Nf3 Nc6 3. Bc4 Nf6 4. d3 a6 5. c3 h6 6. 0-0 d6 7. a4 g6 8. Qb3 Qe7 9. a5 Bg7 10. Nbd2 0-0 11. Re1 Nd7 12. Nf1 Nc5 13. Qd1 Be6 14. Bd5 Nd7 15. Ne3 Bxd5 16. Nxd5 Qd8 17. Be3 Re8 18. b4 Ne7 19. c4 f5 20. Qb3 Kh7 21. b5 c6 22. bxc6 bxc6 23. Bb6 Nxb6 24. Nxe7 Rxe7 25. axb6 fxe4 26. dxe4 Rb7 27. Reb1 a5 28. Nd2 a4 29. Qb2 Ra5 30. g3 c5 31. Ra3 h5 32. Qa2 Bh6 33. Nf1 Qd7 34. h4 Qc6 35. Qc2 Ra6 36. Rb5 Raxb6 37. Rxb6 Qxb6 38. Qxa4 Qb2 39. Ra2 Qd4 40. Qa8 Rf7 41. Qd5 Kg7 42. Kg2 Qxd5 43. exd5 e4 44. Ra6 Rd7 45. Ra8 Kf7 46. g4 hxg4 47. Nh2 Bf4 48. Nxg4 Rb7 49. Rh8 Rb4 50. Rh7+ Kf8 51. h5 gxh5 52. Rxh5 1/2-1/2

[Event "EU-ch 25th"]
[Site "Eforie Nord"]
[Date "2025.03.25"]
[Round "10"]
[White "Sowinski, Pawel"]
[Black "Berend, Elvira S"]
[Result "1-0"]
[WhiteElo "2420"]
[BlackElo "2236"]
[PlyCount "115"]
[EventDate "2025.03.15"]
[EventType "swiss"]
[EventRounds "11"]
[EventCountry "ROU"]
[SourceTitle "CB13_2025"]
[SourceDate "2025.03.26"]
[SourceVersion "1"]
[SourceVersionDate "2025.03.26"]
[SourceQuality "1"]

1. Nf3 Nf6 2. g3 d5 3. Bg2 c5 4. 0-0 Nc6 5. d4 e6 6. c4 dxc4 7. dxc5 Qxd1 8. Rxd1 Bxc5 9. Nbd2 c3 10. bxc3 0-0 11. Nb3 Be7 12. c4 Bd7 13. Bb2 Rfd8 14. Ne5 Rac8 15. Nd3 b6 16. c5 Be8 17. Rac1 bxc5 18. Nbxc5 Nb4 19. Nxb4 Rxd1+ 20. Rxd1 Rxc5 21. Nd3 Rc2 22. Bf3 Bb5 23. Rb1 Bxd3 24. exd3 Bc5 25. Bd4 Bf8 26. Rb8 Rxa2 27. Bc6 Rc2 28. Ba4 Rc1+ 29. Kg2 h5 30. Bxa7 Nh7 31. Bd4 Rc7 32. Be5 Ra7 33. Bc6 Ra5 34. d4 Ra6 35. Rc8 f6 36. Bf4 g5 37. Be3 Kg7 38. Rc7+ Kh6 39. Bb5 Rd6 40. h4 Rd8 41. Rb7 Kg6 42. Bd7 gxh4 43. gxh4 e5 44. d5 Bd6 45. Be6 Nf8 46. Bf7+ Kf5 47. Bxh5 e4 48. Bf7 Ng6 49. Be6+ Ke5 50. h5 Ne7 51. Rb5 Rh8 52. f4+ exf3+ 53. Kxf3 Rxh5 54. Bf4+ Kd4 55. Bxd6 Nxd5 56. Bg3 Kc4 57. Rxd5 Rxd5 58. Bf2 1-0

[Event "EU-ch 25th"]
[Site "Eforie Nord"]
[Date "2025.03.22"]
[Round "7"]
[White "Petkov, Momchil"]
[Black "Sowinski, Pawel"]
[Result "1-0"]
[WhiteElo "2547"]
[BlackElo "2420"]
[PlyCount "143"]
[EventDate "2025.03.15"]
[EventType "swiss"]
[EventRounds "11"]
[EventCountry "ROU"]
[SourceTitle "CB13_2025"]
[SourceDate "2025.03.26"]
[SourceVersion "1"]
[SourceVersionDate "2025.03.26"]
[SourceQuality "1"]

1. d4 Nf6 2. g3 d5 3. Nf3 e6 4. Bg2 Be7 5. 0-0 0-0 6. Nbd2 b5 7. Ne5 Bb7 8. Nb3 a5 9. Bd2 b4 10. c4 Nfd7 11. Nd3 c6 12. cxd5 cxd5 13. Rc1 Na6 14. Bf4 Qb6 15. Be3 a4 16. Nd2 Nab8 17. Nf3 Nc6 18. Nfe5 Ncxe5 19. dxe5 Qb5 20. f4 Rac8 21. Rxc8 Rxc8 22. f5 exf5 23. Rxf5 Nf8 24. Qf1 Qe8 25. h4 Rd8 26. Qe1 Bc8 27. Rf1 Bg4 28. Bb6 Rd7 29. Nf4 Ne6 30. Nxd5 Bf8 31. Qf2 Qb8 32. Qe3 h5 33. Kh2 Qc8 34. Rc1 Qa6 35. Rc2 Rb7 36. b3 axb3 37. axb3 Rb8 38. Rc4 Qb5 39. Qf2 Qa6 40. Qe3 Rc8 41. Rxc8 Qxc8 42. Qd3 Qb8 43. Qe4 Qc8 44. Bf3 Qd7 45. Bf2 Qb5 46. Kg2 Qa5 47. Qc4 Qa1 48. Nxb4 Bxf3+ 49. exf3 Qxe5 50. Nd3 Qe2 51. Qe4 Qc2 52. Nc5 Qxe4 53. Nxe4 Bb4 54. Be3 Kf8 55. Kf2 Ke7 56. Ke2 Kd7 57. g4 hxg4 58. fxg4 Kc6 59. Ng5 Nxg5 60. Bxg5 Kd5 61. Kd3 Ke5 62. Bd2 Bf8 63. b4 f5 64. g5 g6 65. b5 f4 66. b6 Bc5 67. b7 Ba7 68. Ke2 Kf5 69. Kf3 Bb8 70. Bc1 Bc7 71. Bd2 Bb8 72. Bxf4 1-0

[Event "EU-ch 25th"]
[Site "Eforie Nord"]
[Date "2025.03.16"]
[Round "2"]
[White "Sowinski, Pawel"]
[Black "Sanal, Vahap"]
[Result "1/2-1/2"]
[WhiteElo "2420"]
[BlackElo "2557"]
[PlyCount "131"]
[EventDate "2025.03.15"]
[EventType "swiss"]
[EventRounds "11"]
[EventCountry "ROU"]
[SourceTitle "CB13_2025"]
[SourceDate "2025.03.26"]
[SourceVersion "1"]
[SourceVersionDate "2025.03.26"]
[SourceQuality "1"]

1. Nf3 d5 2. g3 Nf6 3. Bg2 e6 4. 0-0 Be7 5. d4 0-0 6. c4 a5 7. Qc2 c6 8. Rd1 b6 9. Bf4 Ba6 10. Ne5 Ra7 11. b3 b5 12. Nd2 Nh5 13. Be3 Rc7 14. Ndf3 Rc8 15. h4 Nf6 16. Ng5 Bd6 17. Bh3 Qe7 18. Nexf7 Rxf7 19. Bxe6 Rcf8 20. cxd5 cxd5 21. Qf5 g6 22. Qf3 Ne4 23. Bxf7+ Rxf7 24. Nxf7 Qxf7 25. Qxf7+ Kxf7 26. Bf4 Bxf4 27. gxf4 b4 28. e3 Nc3 29. Rd2 Bc8 30. f3 Bf5 31. Rb2 Nb5 32. Rc1 Nc3 33. Ra1 Nb5 34. h5 gxh5 35. Rh2 Nc6 36. Rc1 Nc3 37. a3 Bg6 38. axb4 axb4 39. Ra1 Ne7 40. Ra7 Ke6 41. Kf2 Nd1+ 42. Ke1 Nc3 43. Rh1 Nf5 44. Kd2 h4 45. Rb7 Bh5 46. Rh3 Nb1+ 47. Kd3 Ng3 48. e4 Bxf3 49. f5+ Kf6 50. e5+ Kxf5 51. Rf7+ Kg4 52. Rxh4+ Kxh4 53. Rxf3 Nc3 54. e6 Nce4 55. e7 Nd6 56. Rf6 Nge4 57. Rf8 h5 58. e8Q Nxe8 59. Rxe8 Kg4 60. Ke3 h4 61. Rg8+ Ng5 62. Kf2 Kf4 63. Rh8 Ne4+ 64. Kg2 Ke3 65. Rxh4 Kd3 66. Rh5 1/2-1/2

[Event "EU-ch 25th"]
[Site "Eforie Nord"]
[Date "2025.03.15"]
[Round "1"]
[White "Codru, Raul Cristian"]
[Black "Sowinski, Pawel"]
[Result "0-1"]
[WhiteElo "1961"]
[BlackElo "2420"]
[PlyCount "72"]
[EventDate "2025.03.15"]
[EventType "swiss"]
[EventRounds "11"]
[EventCountry "ROU"]
[SourceTitle "CB13_2025"]
[SourceDate "2025.03.26"]
[SourceVersion "1"]
[SourceVersionDate "2025.03.26"]
[SourceQuality "1"]

1. d4 Nf6 2. c4 b6 3. f3 Nc6 4. Nc3 Bb7 5. e4 e5 6. d5 Nd4 7. Nge2 Bc5 8. a3 Nxe2 9. Nxe2 Nh5 10. b4 Be7 11. g3 0-0 12. Bh3 d6 13. 0-0 Bc8 14. Bg2 g6 15. Bb2 Bf6 16. f4 Qe7 17. f5 Ng7 18. g4 Bg5 19. Ng3 Bd7 20. Qf3 Qf6 21. Rf2 c6 22. Bc3 Rac8 23. Qd3 cxd5 24. exd5 gxf5 25. gxf5 Qh6 26. Re1 f6 27. Be4 Rc7 28. Rc2 Rfc8 29. Bb2 Bb5 30. Qf3 Ba4 31. Rc3 Rxc4 32. Rxc4 Rxc4 33. Bd3 Rf4 34. Qe2 Bd7 35. Be4 Rh4 36. Qc2 Be3+ 0-1

[Event "Titled Tuesday intern op 04th Mar Early"]
[Site "Chess.com INT"]
[Date "2025.03.04"]
[Round "2"]
[White "Karvatskyi, Oleksii"]
[Black "Sowinski, Pawel"]
[Result "1-0"]
[WhiteElo "2114"]
[BlackElo "2420"]
[PlyCount "129"]
[EventDate "2025.03.04"]
[EventType "swiss (blitz)"]
[EventRounds "11"]
[EventCountry "USA"]
[SourceTitle "CB11_2025"]
[SourceDate "2025.03.12"]
[SourceVersion "1"]
[SourceVersionDate "2025.03.12"]
[SourceQuality "1"]

1. Nc3 d5 2. e4 d4 3. Nce2 c5 4. Ng3 Nc6 5. Bc4 g6 6. a4 Bg7 7. d3 h5 8. Nf3 h4 9. Ne2 h3 10. gxh3 Rxh3 11. Nf4 Rh8 12. Rg1 e6 13. h4 Nf6 14. Nh3 a6 15. Bg5 Qb6 16. b3 Na5 17. Nd2 Bd7 18. f4 0-0-0 19. e5 Nh5 20. Bxd8 Qxd8 21. Ng5 Nxf4 22. Ndf3 Be8 23. Qd2 Nh5 24. Ne4 Bh6 25. Nfg5 Kb8 26. Nxc5 Qc7 27. Nce4 Qxe5 28. 0-0-0 f6 29. Rdf1 fxg5 30. hxg5 Bg7 31. Kb1 Nxc4 32. bxc4 Bc6 33. Re1 Qf4 34. Qb4 Qc7 35. Nc5 Ka8 36. Nxe6 Qd7 37. Nxg7 Qxg7 38. Re7 Qf8 39. Rge1 Qc8 40. a5 Nf4 41. Qb6 Ng2 42. R1e6 Ne3 43. Qxd4 Nf5 44. Rxc6 Nxd4 45. Rxc8+ Rxc8 46. Rg7 Rc6 47. c3 Nf5 48. Rg8+ Ka7 49. Kb2 Ne3 50. Kb3 Rd6 51. d4 Re6 52. c5 Nf5 53. d5 Re3 54. Rxg6 Rd3 55. Kc4 Rd1 56. d6 Ne3+ 57. Kb3 Rd5 58. Kb4 Nc2+ 59. Kc4 Ne3+ 60. Kb4 Nc2+ 61. Kb3 Ne3 62. Rg8 Rxc5 63. d7 Rd5 64. d8Q Rxd8 65. Rxd8 1-0

[Event "Titled Tuesday intern op 25th Feb Early"]
[Site "Chess.com INT"]
[Date "2025.02.25"]
[Round "4"]
[White "Bizhigitov, Zhangir"]
[Black "Sowinski, Pawel"]
[Result "0-1"]
[WhiteElo "2276"]
[BlackElo "2434"]
[PlyCount "70"]
[EventDate "2025.02.25"]
[EventType "swiss (blitz)"]
[EventRounds "11"]
[EventCountry "USA"]
[SourceTitle "CB10_2025"]
[SourceDate "2025.03.05"]
[SourceVersion "1"]
[SourceVersionDate "2025.03.05"]
[SourceQuality "1"]

1. e4 c6 2. d4 d5 3. e5 Bf5 4. c4 e6 5. Nc3 Ne7 6. Nf3 h6 7. cxd5 Nxd5 8. Bc4 Nd7 9. 0-0 Be7 10. Re1 0-0 11. Ne4 Bh7 12. Bd2 a5 13. Rc1 a4 14. a3 Qb6 15. Bc3 Rfd8 16. Qd2 Nxc3 17. Qxc3 Qa5 18. Qe3 Nb6 19. Bd3 Nd5 20. Qe2 Nf4 21. Qe3 Nxd3 22. Qxd3 c5 23. Qe3 cxd4 24. Nxd4 Qxe5 25. Nf3 Qxb2 26. Rc7 Qxa3 27. Qf4 Qb4 28. h4 a3 29. Ne5 f5 30. Nf6+ gxf6 31. Qg3+ Kf8 32. Ng6+ Bxg6 33. Qxg6 Qxe1+ 34. Kh2 Qe5+ 35. g3 Qxc7 0-1

[Event "Titled Tuesday intern op 25th Feb Early"]
[Site "Chess.com INT"]
[Date "2025.02.25"]
[Round "11"]
[White "Sowinski, Pawel"]
[Black "Tulendinov, Dinmukhammed"]
[Result "1-0"]
[WhiteElo "2434"]
[BlackElo "2173"]
[PlyCount "97"]
[EventDate "2025.02.25"]
[EventType "swiss (blitz)"]
[EventRounds "11"]
[EventCountry "USA"]
[SourceTitle "CB10_2025"]
[SourceDate "2025.03.05"]
[SourceVersion "1"]
[SourceVersionDate "2025.03.05"]
[SourceQuality "1"]

1. Nf3 Nf6 2. g3 g6 3. Bg2 Bg7 4. 0-0 0-0 5. d3 d5 6. Nbd2 c5 7. e4 Nc6 8. Re1 Re8 9. c3 e5 10. exd5 Nxd5 11. a4 b6 12. h4 Bg4 13. Qb3 Be6 14. Ng5 Na5 15. Nxe6 Nxb3 16. Nxd8 Nxa1 17. Nxf7 Nc2 18. Re2 e4 19. Nxe4 Kxf7 20. Nd6+ Kf8 21. Nxe8 Rxe8 22. Rxe8+ Kxe8 23. Bxd5 Ke7 24. Kf1 Kd6 25. Bb3 Na1 26. Bd1 a6 27. Bf4+ Kd7 28. Be3 Kc6 29. Ke2 b5 30. axb5+ axb5 31. Kd2 c4 32. dxc4 bxc4 33. Be2 Nb3+ 34. Kc2 Kd5 35. h5 Nc5 36. hxg6 hxg6 37. Bf3+ Kd6 38. g4 Nd3 39. Be4 Ne5 40. g5 Ke6 41. Bd4 Bf8 42. f4 Nd3 43. Bxd3 cxd3+ 44. Kxd3 Kf5 45. Be5 Be7 46. b4 Bxg5 47. fxg5 Kxe5 48. b5 Kf5 49. b6 1-0